| 000 | 00796nam a22002057a 4500 | ||
|---|---|---|---|
| 999 |
_c13011 _d13011 |
||
| 003 | AR-CdUCM | ||
| 008 | 190410b ||||| |||| 00| 0 spa d | ||
| 040 |
_aMUNICIPALIDAD PROVINCIAL DEL CUSCO _cBIBLIOTECA MUNICIPAL DEL CUSCO |
||
| 082 |
_a261.7 / _bL98 / 1966 |
||
| 100 |
_aLuna Victoria, Romeo _931172 |
||
| 245 |
_aCiencia y práctica de la revolución : _bmanual para dirigentes políticos / |
||
| 260 |
_aLima : _bStudium, _c1966. |
||
| 300 |
_a307 páginas ; _bilustración, _c17 cm. |
||
| 505 | _aContenido: Política general -- Política especial -- Complementos teóricos -- Practica de la revolución. | ||
| 650 |
_aCiencia política _91775 |
||
| 650 |
_aÉtica política _910773 |
||
| 650 |
_aIglesia Católica y política _96926 |
||
| 942 |
_2ddc _cLIBROS |
||
| 945 |
_aachl _d2019-04-10 |
||